Do you really know Among Us? - Statistics

General Stats
  • This quiz has been taken 82 times
  • The average score is 8 of 11
Answer Stats
Clue Answer % Correct
What is the most dangerous room on The Skeld? Electrical
97%
Name the color often associated with Impostors Red
97%
What map's vents all connect? Mira HQ
87%
What is the largest map? Polus
87%
What is the max number of Impostors you can have in a game? Three
80%
How many maps are there? Three
80%
What technology lets you know who is alive and who is not? Vitals
80%
Name the color often associated with Crewmates White/Black
77%
What is the most underrated sabotage? Comms
50%
What technology company is vitals from? (if you look close, it says) Simsong
17%
What is the map that is coming in early 2021? Henry Stickmin
7%
No matching quizzes found
Score Distribution
Percent of People with Each Score
Percentile by Number Answered
Your Score History
You have not taken this quiz